That Isn't a Country! Quiz Stats

 Plays Quiz Updated Jul 2, 2018

Score 0/30 Timer 01:30
4 Plays Today
% Correct
Wales
83%
South Ossetia
82.9%
U.S. Virgin Islands
82.8%
Gibraltar
82%
Hong Kong
81.6%
Falkland Islands
81.3%
Netherlands Antilles
81.3%
Northern Ireland
80.9%
British Virgin Islands
79.9%
New Caledonia
79.3%
Scotland
79.2%
Somaliland
78.4%
Faroe Islands
78.1%
French Polynesia
77.7%
Northern Mariana Islands
77.4%
% Correct
Greenland
77.4%
Montserrat
77.2%
Siberia
77.1%
England
77%
American Samoa
76.5%
Tibet
75.5%
Curaçao
74.9%
Cook Islands
74.8%
Guam
73.6%
Puerto Rico
71.7%
Aruba
69.8%
Turks and Caicos Islands
68.9%
Anguilla
66.4%
Tahiti
64%
Bermuda
59.4%

You're not logged in!

Compare scores with friends on all Sporcle quizzes.
OR
Log In

Show Comments

Extras

Top Quizzes Today


Score Distribution

Your Account Isn't Verified!

In order to create a playlist on Sporcle, you need to verify the email address you used during registration. Go to your Sporcle Settings to finish the process.

Report this User

Report this user for behavior that violates our Community Guidelines.

Details: